000 00923nmc a2200337 a 4500
003 AR-BaBNM
005 20251128210552.0
008 220020s1992 ||||||||||||||000 | spa||
020 _a84-7509-754-5
040 _cAR-BaBNM
100 1 _aRevkin, Andrew
245 1 0 _aChico Mendes
_bsu lucha y su muerte por la defensa de la selva amazónica
250 _a1ª ed.
260 _aBarcelona
_bEdiciones Paidós Ibérica
_c1992
300 0 _a255 p.
_bláms.
490 0 _aPaidós testimonios
600 1 4 _aMendes, Chico
_d1944-1988
650 4 _aBIOGRAFIAS
650 4 _aAMBIENTALISTAS
650 4 _aDETERIORO AMBIENTAL
650 4 _aRECURSOS NATURALES
650 4 _aMEDIO AMBIENTE
650 4 _aECOLOGIA
650 4 _aCONSERVACION DEL MEDIO AMBIENTE
651 4 _aAmazonia
653 0 _aBIODIVERSIDAD
655 _aBIOGRAFIAS
700 1 _aFord, Maricel
_etraductor
942 _cBK
998 _cMARTIN
999 _c15981
_d15981